|
|
|
|
| LEADER |
00000ntmaa2200000 a 4500 |
| 001 |
vtls012290055 |
| 003 |
SK-MaSNL |
| 005 |
20260301232502.0 |
| 008 |
260120i1896 xo || 000 idslo |
| 040 |
|
|
|a SNKLA
|b slo
|c SNKLA
|e AACR2
|
| 041 |
0 |
|
|a slo
|
| 044 |
|
|
|a xo
|c SK
|
| 080 |
|
|
|a (044)
|2 2011
|
| 080 |
|
|
|a 025.171
|2 2011
|
| 080 |
|
|
|a 395.83
|2 2001
|
| 080 |
|
|
|a 37.011.3-052
|2 2011
|
| 080 |
|
|
|a 316.356.2
|2 2011
|
| 080 |
|
|
|a 37.091.12
|2 2011
|
| 100 |
1 |
|
|a Novák, František,
|d činný 19./20. storočie
|4 aut
|9 626230
|
| 245 |
1 |
0 |
|a [Listy Františka Nováka Františkovi Víťazoslavovi Sasinkovi]
|c František Novák
|
| 260 |
|
|
|a V Skalici
|a v Hrachovišti
|c 1896-1904
|
| 300 |
|
|
|a 6 nečíslovaných strán
|b rukopis, voľné listy
|c 18 cm
|
| 500 |
|
|
|a Obsahuje 3 listy
|
| 500 |
|
|
|a List z r. 1904 napísaný aj v mene manželky Pauly
|
| 520 |
2 |
|
|a List z r. 1896 píše ako študent v Ostrihome a ďakuje za dar; v ďalších listoch o svojom živote (rodina), práci (učiteľ v Hrachovišti)
|
| 555 |
0 |
|
|a Inventár rukopisov Literárneho archívu MS I. Starý fond. A - Korešpondencia. Martin : Matica slovenská 1972
|
| 561 |
|
|
|a Okrúhla pečiatka: Literárny archív Matice slovenskej Martin
|
| 650 |
0 |
7 |
|a dary
|2 SNKPH
|9 2219
|
| 650 |
0 |
7 |
|a študenti
|2 SNKPH
|9 3979
|
| 650 |
0 |
7 |
|a rodina
|2 SNKPH
|9 4138
|
| 650 |
0 |
7 |
|a učiteľská profesia
|2 SNKPH
|9 74525
|
| 651 |
|
7 |
|a Hrachovište (Slovensko)
|2 SNKPHgeo
|9 120751
|
| 655 |
|
7 |
|a korešpondencia
|2 SNKPH
|9 60843
|
| 655 |
|
7 |
|a listy
|2 SNKPH
|9 84490
|
| 655 |
|
7 |
|a rukopisy
|2 SNKPH
|9 70548
|
| 700 |
1 |
|
|a Nováková, Paula,
|d činná 19./20. storočie
|4 aut
|9 626231
|
| 700 |
1 |
|
|a Sasinek, František Víťazoslav,
|d 1830-1914
|4 rcp
|9 8180
|
| 752 |
|
|
|a Slovensko
|d Skalica
|
| 752 |
|
|
|a Slovensko
|d Hrachovište
|
| 852 |
|
|
|a SNK
|b Literárny archív
|
| 958 |
|
|
|a ZK
|
| 958 |
|
|
|a LAVD
|
| 999 |
|
|
|c 961513
|d 963443
|
| 952 |
|
|
|a SNKLA
|b SNKLA
|c SNKLA_DEP
|y NEVYP
|7 0
|p 17A1312751
|o snkA 1105
|0 0
|1 0
|4 0
|d 2026-01-20
|f 1
|l 0
|r 2026-02-24 10:21:59
|w 2026-02-24
|